000 00396nam a2200145 a 4500
001 000040223
005 20201002034007.0
008 130819s1970 sp 000 0 spa d
040 _aDO-SdBNP
_bspa
_cBNPHU
082 _axxx
100 1 _aMorgan, Lewis H.
_966488
245 1 3 _aLa sociedad primitiva /
_cLewis H. Morgan.
260 _aMadrid, EspaƱa :
_bAyuso,
_c1970.
300 _a491 p. ;
_c22 cm.
999 _c39713
_d39713